[Event "Unna Open 2023"]
[Site "Unna"]
[Date "2023.12.29"]
[Round "5.17"]
[White "Reufer, Berthold"]
[Black "Hart, Theo"]
[Result "1-0"]
[WhiteElo "1783"]
[BlackElo "1889"]
[PlyCount "101"]
[EventDate "2023.12.??"]
[EventType "swiss"]
[EventRounds "7"]
[EventCountry "GER"]
[Tiebreak "Progressive score"]
[SourceVersionDate "2023.12.27"]

1. e4 e6 2. d4 d5 3. exd5 exd5 4. Bd3 Nf6 5. Bg5 Bd6 6. c3 O-O 7. Qc2 Re8+ 8.
Ne2 h6 9. Bh4 Nbd7 10. Nd2 c6 11. O-O-O a5 12. g4 a4 13. f4 Rxe2 14. Bxe2 Bxf4
15. Bg3 Be3 16. Kb1 Bxd2 17. Qxd2 Ne4 18. Qe3 a3 19. b3 Qa5 20. Rc1 Ndf6 21.
Be5 Bxg4 22. Bxf6 Nxf6 23. Bxg4 Nxg4 24. Qf4 Nf6 25. Rhg1 Kh8 26. Rxg7 Kxg7 27.
Rg1+ Kf8 28. Qxf6 Qd8 29. Qxh6+ Ke7 30. Qg5+ Kd7 31. Qf5+ Kc7 32. Qxf7+ Kb6 33.
Rg7 Rb8 34. Qe7 Qxe7 35. Rxe7 Rf8 36. Re1 Rf2 37. Rh1 Rb2+ 38. Ka1 Rc2 39. h4
Rxc3 40. h5 Rf3 41. h6 Rf8 42. h7 Rh8 43. Kb1 c5 44. dxc5+ Kxc5 45. Kc2 b5 46.
Kd3 d4 47. Rh4 Kb4 48. Rxd4+ Ka5 49. Rh4 Rd8+ 50. Ke4 Kb4 51. Kf5+ 1-0

[Event "Unna Open 2023"]
[Site "Unna"]
[Date "2023.12.29"]
[Round "5.18"]
[White "Öztekin, Atilla"]
[Black "Krämer, Sascha"]
[Result "0-1"]
[WhiteElo "1780"]
[BlackElo "1858"]
[PlyCount "80"]
[EventDate "2023.12.??"]
[EventType "swiss"]
[EventRounds "7"]
[EventCountry "GER"]
[Tiebreak "Progressive score"]
[SourceVersionDate "2023.12.27"]

1. e4 c5 2. Nf3 d6 3. d4 cxd4 4. Nxd4 Nf6 5. Nc3 a6 6. Bg5 e6 7. f4 Be7 8. Qf3
Qc7 9. O-O-O Bd7 10. e5 dxe5 11. fxe5 Nd5 12. Bxe7 Nxe7 13. Ne4 Qxe5 14. Nd6+
Qxd6 15. Nf5 Nxf5 16. Rxd6 Nxd6 17. Qf4 Nf5 18. g4 Bc6 19. Rg1 Ne7 20. h4 Nd7
21. Qg5 Ng6 22. h5 h6 23. Qe3 Nge5 24. g5 Nf3 25. gxh6 gxh6 26. Rg2 O-O-O 27.
b4 Nfe5 28. Rg3 Rhg8 29. Rxg8 Rxg8 30. Qxh6 Rg1 31. Qf4 Bb5 32. Kb2 Rxf1 33.
Qh4 Bc6 34. h6 Ng6 35. Qd4 e5 36. Qc4 Rf4 37. Qb3 Nb6 38. Qh3+ Bd7 39. Qh5
Rxb4+ 40. Ka3 a5 0-1

[Event "Unna Open 2023"]
[Site "Unna"]
[Date "2023.12.29"]
[Round "5.19"]
[White "Nadan, Nikolas"]
[Black "Feldhaus, Thomas"]
[Result "0-1"]
[WhiteElo "1641"]
[BlackElo "1849"]
[PlyCount "114"]
[EventDate "2023.12.??"]
[EventType "swiss"]
[EventRounds "7"]
[EventCountry "GER"]
[Tiebreak "Progressive score"]
[SourceVersionDate "2023.12.27"]

1. e4 d6 2. d4 Nf6 3. Nc3 c6 4. Bg5 Qa5 5. Bxf6 exf6 6. d5 c5 7. Bb5+ Nd7 8. f4
g6 9. Nf3 Bg7 10. O-O O-O 11. Bd3 a6 12. Qd2 b5 13. Ne2 Qxd2 14. Nxd2 c4 15.
Bxc4 bxc4 16. Nxc4 Nc5 17. Nxd6 Rd8 18. Nxc8 Raxc8 19. Ng3 f5 20. e5 Rxd5 21.
Rfd1 Rcd8 22. Rxd5 Rxd5 23. Nf1 f6 24. Ne3 Rd4 25. c3 Re4 26. exf6 Rxe3 27.
fxg7 Kxg7 28. Kf2 Re4 29. g3 Nd3+ 30. Kf3 Nxb2 31. Rb1 Nc4 32. Rb7+ Kh6 33. Kf2
Re3 34. Ra7 a5 35. Rxa5 Rxc3 36. Rc5 Rc2+ 37. Kg1 Na3 38. Rxc2 Nxc2 39. Kf2 Kg7
40. a4 Kf7 41. a5 Nb4 42. Kf3 Ke6 43. g4 Kd5 44. gxf5 gxf5 45. Ke3 Kc4 46. Kf3
Kd4 47. Kg3 Ke4 48. Kh3 Kxf4 49. Kg2 Ke3 50. Kf1 Kf3 51. h4 h5 52. Kg1 Ke2 53.
Kg2 f4 54. Kh3 f3 55. a6 Nxa6 56. Kg3 f2 57. Kh2 f1=Q 0-1

[Event "Unna Open 2023"]
[Site "Unna"]
[Date "2023.12.29"]
[Round "5.20"]
[White "Borch, Roland"]
[Black "Freiknecht, Holger"]
[Result "0-1"]
[WhiteElo "1382"]
[BlackElo "1828"]
[PlyCount "54"]
[EventDate "2023.12.??"]
[EventType "swiss"]
[EventRounds "7"]
[EventCountry "GER"]
[Tiebreak "Progressive score"]
[SourceVersionDate "2023.12.27"]

1. Nf3 d5 2. d3 Nf6 3. g3 h6 4. Bg2 Bf5 5. O-O e6 6. c4 c6 7. b3 Bd6 8. Na3 O-O
9. Nc2 Nbd7 10. Bd2 Re8 11. Ne3 Bh7 12. b4 e5 13. Qb3 e4 14. Ne1 d4 15. N3c2 c5
16. a3 Rb8 17. b5 Ne5 18. f4 exf3 19. Bxf3 Nxf3+ 20. exf3 Qd7 21. Rf2 Re7 22.
Ng2 Rbe8 23. Raf1 Qf5 24. Nce1 Nd7 25. g4 Qg6 26. Bf4 Rxe1 27. Bxd6 Rxf1+ 0-1

[Event "Unna Open 2023"]
[Site "Unna"]
[Date "2023.12.29"]
[Round "5.21"]
[White "Medger, Gernot"]
[Black "Vollenberg, Jörg"]
[Result "1-0"]
[WhiteElo "1813"]
[BlackElo "1543"]
[PlyCount "45"]
[EventDate "2023.12.??"]
[EventType "swiss"]
[EventRounds "7"]
[EventCountry "GER"]
[Tiebreak "Progressive score"]
[SourceVersionDate "2023.12.27"]

1. e4 e5 2. Nf3 Nc6 3. Bc4 d6 4. d3 Be7 5. c3 Bd7 6. b4 Nf6 7. O-O O-O 8. Nbd2
Qc8 9. Kh1 Nd8 10. d4 b5 11. Bb3 exd4 12. cxd4 c5 13. dxc5 dxc5 14. bxc5 Qxc5
15. e5 Ne8 16. Ne4 Qc7 17. Be3 Be6 18. Rc1 Qb8 19. Nc5 Bc8 20. Bd5 Nc7 21. Bxa8
Nxa8 22. Nd7 Bxd7 23. Qxd7 1-0

[Event "Unna Open 2023"]
[Site "Unna"]
[Date "2023.12.29"]
[Round "5.23"]
[White "Alberts, Kai"]
[Black "Knetsch, Alfred"]
[Result "1/2-1/2"]
[WhiteElo "1907"]
[BlackElo "1581"]
[PlyCount "52"]
[EventDate "2023.12.??"]
[EventType "swiss"]
[EventRounds "7"]
[EventCountry "GER"]
[Tiebreak "Progressive score"]
[SourceVersionDate "2023.12.27"]

1. e4 d6 2. d4 Nf6 3. Nc3 g6 4. f4 Bg7 5. Nf3 O-O 6. Be3 b6 7. Qd2 Bb7 8. Bd3
c5 9. d5 Nbd7 10. O-O-O a6 11. Ng5 b5 12. h4 h6 13. Rdg1 hxg5 14. hxg5 Ng4 15.
Rh4 Nxe3 16. Qxe3 f6 17. Qh3 Kf7 18. Qe6+ Ke8 19. Rh7 Rf7 20. gxf6 Nxf6 21. e5
Bc8 22. exf6 Bxe6 23. fxg7 Rxg7 24. Rxg7 Kf8 25. Rxg6 Bf7 26. Rh6 Qd7 1/2-1/2

[Event "Unna Open 2023"]
[Site "Unna"]
[Date "2023.12.29"]
[Round "5.24"]
[White "Meyer, Ulrich"]
[Black "Cassel, Silas"]
[Result "1-0"]
[WhiteElo "1829"]
[BlackElo "1545"]
[PlyCount "67"]
[EventDate "2023.12.??"]
[EventType "swiss"]
[EventRounds "7"]
[EventCountry "GER"]
[Tiebreak "Progressive score"]
[SourceVersionDate "2023.12.27"]

1. e4 c6 2. d4 d5 3. f3 e6 4. Be3 Qb6 5. Qc1 Nf6 6. e5 Nfd7 7. Bd3 c5 8. c3 Nc6
9. Ne2 cxd4 10. cxd4 Nb4 11. Bc2 Qc7 12. Nbc3 Nxc2+ 13. Qxc2 Nb6 14. O-O Bd7
15. Rac1 Rc8 16. Rfd1 Bb4 17. Qb3 Bxc3 18. Nxc3 Nc4 19. Bf2 O-O 20. Qc2 b5 21.
b3 Nb6 22. Qd2 Qb7 23. Ne2 Rxc1 24. Nxc1 Ra8 25. Qg5 Be8 26. Nd3 a5 27. Rc1 a4
28. Be1 axb3 29. axb3 Rc8 30. Nc5 Qa7 31. h3 h6 32. Qd2 Qa3 33. Rc2 Nd7 34. Ra2
1-0

[Event "Unna Open 2023"]
[Site "Unna"]
[Date "2023.12.29"]
[Round "5.25"]
[White "Küsgen, Dirk"]
[Black "Buchhop, Rainer"]
[Result "1-0"]
[WhiteElo "1805"]
[BlackElo "1493"]
[PlyCount "61"]
[EventDate "2023.12.??"]
[EventType "swiss"]
[EventRounds "7"]
[EventCountry "GER"]
[Tiebreak "Progressive score"]
[SourceVersionDate "2023.12.27"]

1. e4 c5 2. c3 Nf6 3. e5 Nd5 4. d4 e6 5. c4 Nb6 6. d5 exd5 7. cxd5 d6 8. exd6
Bxd6 9. Bb5+ Bd7 10. Qe2+ Qe7 11. Qxe7+ Bxe7 12. Bxd7+ N8xd7 13. Nc3 Nf6 14. d6
Bxd6 15. Nb5 Kd7 16. Be3 Nfd5 17. O-O-O Kc6 18. Nxd6 Kxd6 19. Nf3 f6 20. Kb1
Kc6 21. Rhe1 Nxe3 22. Rxe3 Rhe8 23. Rc3 Nd7 24. Nd4+ Kb6 25. Rb3+ Kc7 26. Nb5+
Kd8 27. Nd6 Re2 28. Rxb7 Ne5 29. Nb5+ Kc8 30. Rc7+ Kb8 31. Rd8# 1-0

[Event "Unna Open 2023"]
[Site "Unna"]
[Date "2023.12.29"]
[Round "5.26"]
[White "Dubinker, Philipp"]
[Black "Van Gaalen, Jakob"]
[Result "1-0"]
[WhiteElo "1793"]
[BlackElo "1451"]
[PlyCount "103"]
[EventDate "2023.12.??"]
[EventType "swiss"]
[EventRounds "7"]
[EventCountry "GER"]
[Tiebreak "Progressive score"]
[SourceVersionDate "2023.12.27"]

1. Nf3 Nf6 2. c4 c5 3. Nc3 e6 4. d4 cxd4 5. Nxd4 Nc6 6. e4 Bb4 7. Nxc6 bxc6 8.
e5 Ne4 9. Bd2 Nxd2 10. Qxd2 Qa5 11. Qe3 Ba6 12. Be2 Rd8 13. O-O Bc5 14. Qe4 d5
15. exd6 Rxd6 16. Qg4 O-O 17. a3 Qc7 18. Rad1 Rxd1 19. Rxd1 Rd8 20. Bd3 Kh8 21.
Qh5 f5 22. Qe2 Bc8 23. Qf3 Qe5 24. Qxc6 Bxa3 25. bxa3 Qxc3 26. Qa4 h6 27. h3
Kh7 28. Bxf5+ exf5 29. Rxd8 Qe1+ 30. Kh2 Qe5+ 31. g3 Qe2 32. Qxa7 Qxc4 33. Qa8
Be6 34. h4 f4 35. Qf3 fxg3+ 36. Qxg3 Qc5 37. a4 Qa5 38. Qb8 Qh5 39. Rh8+ Kg6
40. Qe8+ Bf7 41. Qc6+ Kf5 42. Qc5+ Kg4 43. Qxh5+ Bxh5 44. a5 Kxh4 45. a6 Bf3
46. a7 h5 47. a8=Q Bxa8 48. Rxa8 g5 49. f3 g4 50. Ra4 Kg5 51. fxg4 hxg4 52. Kg3
1-0

[Event "Unna Open 2023"]
[Site "Unna"]
[Date "2023.12.29"]
[Round "5.27"]
[White "Scholtyßek, Normann"]
[Black "Bertschik, Jonas"]
[Result "1-0"]
[WhiteElo "1559"]
[BlackElo "1788"]
[Annotator "Medger,Gernot"]
[PlyCount "131"]
[EventDate "2023.12.??"]
[EventType "swiss"]
[EventRounds "7"]
[EventCountry "GER"]
[Tiebreak "Progressive score"]
[SourceVersionDate "2023.12.27"]

1. b3 d5 2. Bb2 Nf6 3. e3 Bf5 4. Nf3 e6 5. d4 Nbd7 6. Bd3 Bxd3 7. cxd3 Bb4+ 8.
Nbd2 O-O 9. O-O Rc8 10. Ne5 Nxe5 11. dxe5 Nd7 12. f4 f6 13. exf6 Nxf6 14. Nf3
Qe7 15. a3 Bc5 16. Qe2 c6 17. b4 Bb6 18. Ne5 Nd7 19. Nxd7 Qxd7 20. Rf3 d4 21.
e4 c5 22. Kh1 cxb4 23. axb4 Qd6 24. Qd2 Rc7 25. Rc1 Rfc8 26. Rff1 Rxc1 27. Rxc1
Rxc1+ 28. Qxc1 Qxb4 29. Qc8+ Kf7 30. Qxb7+ Kg6 31. f5+ Kf6 32. e5+ Kxe5 33.
Qe4+ Kd6 34. Qxe6+ Kc7 35. Bc1 Qb1 36. Qc4+ Kb7 37. g3 Qa1 38. Kg2 Qc3 39. Qxc3
dxc3 40. Kf3 Kc6 41. Ke2 Kb5 42. Kd1 Kb4 43. Kc2 a5 44. Bf4 Bd4 45. Bd6+ Kb5
46. g4 Kc6 47. Bf4 Kc5 48. Kb3 Kb5 49. Bd6 a4+ 50. Kc2 h6 51. Be7 Be5 $11 52.
h4 Bd4 53. g5 hxg5 54. hxg5 Kc6 55. Bf8 Kd7 56. Bb4 Be3 57. g6 Bd4 58. Kd1 Kc6
59. Ke2 Kd5 60. Be7 Bc5 61. Bxc5 Kxc5 62. f6 a3 63. f7 a2 64. f8=Q+ Kd4 65. Qa3
c2 66. Kd2 1-0

[Event "Unna Open 2023"]
[Site "Unna"]
[Date "2023.12.29"]
[Round "5.28"]
[White "Krolik, Wilfried"]
[Black "Wirthmann, Stefan"]
[Result "0-1"]
[WhiteElo "1545"]
[BlackElo "1733"]
[PlyCount "124"]
[EventDate "2023.12.??"]
[EventType "swiss"]
[EventRounds "7"]
[EventCountry "GER"]
[Tiebreak "Progressive score"]
[SourceVersionDate "2023.12.27"]

1. e4 e5 2. Nf3 Nc6 3. Bb5 a6 4. Ba4 d6 5. h3 Nf6 6. d3 Be7 7. c3 O-O 8. O-O b5
9. Bc2 Bb7 10. Re1 Qd7 11. Nbd2 Rfe8 12. Nf1 Rad8 13. Ng3 h6 14. Nf5 d5 15.
Nxe7+ Rxe7 16. exd5 Qxd5 17. Re3 e4 18. Ne1 exd3 19. Bb3 Qf5 20. Rxe7 Nxe7 21.
Be3 d2 22. Nc2 Qg6 23. f3 Qd3 24. Kf2 Ned5 25. Qxd2 Nxe3 26. Qxd3 Rxd3 27. Nxe3
Rd2+ 28. Ke1 Rxb2 29. Rd1 Kf8 30. Nc2 a5 31. Kd2 a4 32. Kc1 axb3 33. Kxb2 bxc2
34. Kxc2 Bd5 35. a3 Ke7 36. Re1+ Kd6 37. Rd1 Kc5 38. Rd4 Bc4 39. Rd2 Nd5 40.
Rf2 f5 41. f4 Nf6 42. Rd2 Bd5 43. Re2 Be4+ 44. Kb3 Nd5 45. g3 Nb6 46. g4 g6 47.
h4 Nd5 48. gxf5 gxf5 49. Rf2 c6 50. Rf1 Bc2+ 51. Kb2 Bd3 52. Rf3 Kc4 53. Rg3
Nxf4 54. Rg7 Be4 55. a4 bxa4 56. Ra7 Nd3+ 57. Ka3 Kxc3 58. Rxa4 Nf4 59. Ra7 c5
60. Rh7 h5 61. Rh6 c4 62. Rb6 Kd3 0-1

[Event "Unna Open 2023"]
[Site "Unna"]
[Date "2023.12.29"]
[Round "5.29"]
[White "Vatter, Klaus"]
[Black "Jorke, Roland"]
[Result "1-0"]
[WhiteElo "1717"]
[BlackElo "1386"]
[PlyCount "89"]
[EventDate "2023.12.??"]
[EventType "swiss"]
[EventRounds "7"]
[EventCountry "GER"]
[Tiebreak "Progressive score"]
[SourceVersionDate "2023.12.27"]

1. b4 b5 2. Bb2 Bb7 3. e3 a6 4. Nf3 Nc6 5. a3 h6 6. c4 bxc4 7. Bxc4 d5 8. Be2
e6 9. O-O Nf6 10. Nc3 Bd6 11. Na4 O-O 12. Nc5 Bc8 13. Rc1 Nb8 14. Ne5 Bxc5 15.
Rxc5 Nfd7 16. Rc1 Nxe5 17. Bxe5 Ra7 18. Qc2 Nd7 19. Bxc7 Qe7 20. Bg3 Nf6 21. f3
Nh5 22. Bf2 Ra8 23. Qc7 Qe8 24. g4 Nf6 25. Bg3 Qd7 26. Qxd7 Bxd7 27. Rc7 Bb5
28. Kf2 Ne8 29. Rc5 Bxe2 30. Kxe2 Nf6 31. Rfc1 Nd7 32. Rc6 Rfe8 33. Rd6 Ra7 34.
Rdc6 Kh7 35. Rc7 Rxc7 36. Rxc7 Nb6 37. Rxf7 Nc4 38. Ra7 Nxa3 39. Rxa6 Nc2 40.
Bd6 Rc8 41. b5 Rc4 42. b6 Rc6 43. b7 Rxa6 44. b8=Q d4 45. Be5 1-0

[Event "Unna Open 2023"]
[Site "Unna"]
[Date "2023.12.29"]
[Round "5.30"]
[White "Schulz, Robin"]
[Black "Wiese, Thomas"]
[Result "1-0"]
[WhiteElo "1451"]
[BlackElo "1694"]
[PlyCount "61"]
[EventDate "2023.12.??"]
[EventType "swiss"]
[EventRounds "7"]
[EventCountry "GER"]
[Tiebreak "Progressive score"]
[SourceVersionDate "2023.12.27"]

1. e4 e5 2. f4 exf4 3. Nf3 g5 4. h3 h6 5. d4 Bg7 6. Bc4 d6 7. Nc3 Nf6 8. b3 O-O
9. Bb2 c6 10. e5 dxe5 11. dxe5 Qe7 12. Qe2 Nfd7 13. e6 fxe6 14. Qxe6+ Qxe6+ 15.
Bxe6+ Kh8 16. O-O-O Ne5 17. Bxc8 Rxc8 18. Ne4 Nxf3 19. Bxg7+ Kxg7 20. gxf3 Rf8
21. h4 gxh4 22. Rxh4 Na6 23. Rd6 Rae8 24. Rhxh6 Rf5 25. Rdg6+ Kf8 26. Nd6 Re1+
27. Kd2 Rfe5 28. Rh7 R5e2+ 29. Kc3 Re3+ 30. Kb2 Re7 31. Rh8# 1-0

[Event "Unna Open 2023"]
[Site "Unna"]
[Date "2023.12.29"]
[Round "5.31"]
[White "Westermann, Walter"]
[Black "Jacob, Phil"]
[Result "1-0"]
[WhiteElo "1681"]
[BlackElo "1279"]
[PlyCount "179"]
[EventDate "2023.12.??"]
[EventType "swiss"]
[EventRounds "7"]
[EventCountry "GER"]
[Tiebreak "Progressive score"]
[SourceVersionDate "2023.12.27"]

1. e4 e5 2. Nf3 d6 3. d4 Nd7 4. Nc3 Ngf6 5. Bc4 h6 6. O-O Be7 7. Qe2 O-O 8. Be3
Ng4 9. Bd2 exd4 10. Nxd4 Nge5 11. Bb3 Nc5 12. f4 Nxb3 13. axb3 Ng6 14. Nd5 Bd7
15. Qc4 c6 16. Ne3 Bf6 17. c3 Re8 18. Nef5 Be6 19. Nxe6 Rxe6 20. Rfe1 Qd7 21.
Ng3 Re7 22. Rad1 Rae8 23. Nh5 Bh4 24. g3 Qg4 25. Qe2 Qxe2 26. Rxe2 Bf6 27. Rde1
Nf8 28. Nxf6+ gxf6 29. Kf2 Nd7 30. b4 Kg7 31. c4 Nb6 32. b3 Nd7 33. Bc3 Kg6 34.
Kf3 h5 35. Bb2 Kh6 36. Ra1 a6 37. Ra5 Re6 38. Bc1 Kh7 39. Rxh5+ Kg7 40. Bb2 Kg6
41. Ra5 Kh6 42. g4 b6 43. Rh5+ Kg7 44. Re3 a5 45. bxa5 bxa5 46. Rxa5 Nc5 47.
Rxc5 dxc5 48. g5 Rh8 49. Bxf6+ Rxf6 50. gxf6+ Kxf6 51. Re2 Rh3+ 52. Kg4 Rxb3
53. Rd2 Ke6 54. h4 Rc3 55. h5 Rxc4 56. Rd8 Rc1 57. Re8+ Kf6 58. Rc8 Rg1+ 59.
Kf3 Kg7 60. Rxc6 Rh1 61. Rxc5 Kh6 62. Rc7 Kxh5 63. Rxf7 Kg6 64. Rf8 Kg7 65. Rf5
Rf1+ 66. Ke3 Re1+ 67. Kd4 Ra1 68. e5 Ra4+ 69. Ke3 Ra3+ 70. Ke4 Ra4+ 71. Kf3
Ra3+ 72. Kg4 Re3 73. Rg5+ Kf7 74. Kf5 Re2 75. Rg6 Rb2 76. Rf6+ Ke7 77. Ra6 Rb4
78. Ra7+ Ke8 79. Rc7 Kd8 80. Rf7 Ke8 81. Ra7 Kf8 82. Rd7 Ke8 83. Rh7 Kf8 84.
Kg5 Rb5 85. Kf6 Rb6+ 86. e6 Kg8 87. Rg7+ Kh8 88. Rd7 Kg8 89. f5 Kf8 90. Rd8#
1-0

[Event "Unna Open 2023"]
[Site "Unna"]
[Date "2023.12.29"]
[Round "5.32"]
[White "Stutt, Jonas"]
[Black "Klein, Andreas"]
[Result "0-1"]
[WhiteElo "1412"]
[BlackElo "1677"]
[PlyCount "166"]
[EventDate "2023.12.??"]
[EventType "swiss"]
[EventRounds "7"]
[EventCountry "GER"]
[Tiebreak "Progressive score"]
[SourceVersionDate "2023.12.27"]

1. e4 c5 2. Nf3 e6 3. d4 cxd4 4. Nxd4 Nc6 5. Nc3 a6 6. Be3 Qc7 7. Qd2 Nf6 8. f3
Be7 9. O-O-O h6 10. g4 Bb4 11. a3 Ba5 12. Nb3 b5 13. e5 Bxc3 14. Qxc3 Nd5 15.
Rxd5 exd5 16. e6 Qe5 17. exf7+ Kxf7 18. Nd4 Re8 19. Bf2 Nxd4 20. Bxd4 Qe1+ 21.
Qxe1 Rxe1+ 22. Kd2 Re6 23. Bd3 g6 24. Rf1 d6 25. f4 Re8 26. f5 gxf5 27. gxf5
Rg8 28. Rf2 Bd7 29. f6 Rg4 30. c3 Rag8 31. Bf1 Be6 32. Kc2 Re4 33. Bd3 Reg4 34.
Bf1 Rh4 35. Kb3 Rgg4 36. Be2 Re4 37. Bd3 Rxd4 38. cxd4 Rxd4 39. Be2 Rh4 40. Kc3
d4+ 41. Kd3 Bc4+ 42. Kd2 Bxe2 43. Kxe2 Rh3 44. Kd2 Re3 45. Rf4 Re6 46. Rxd4
Rxf6 47. Ke2 Ke6 48. Rd2 d5 49. Rc2 Kd6 50. Rc8 Ke5 51. Re8+ Re6 52. Rd8 Kd4+
53. Kd2 Rg6 54. Ra8 Rg2+ 55. Kd1 Kd3 56. Ke1 Rxb2 57. Rxa6 Rxh2 58. Rd6 d4 59.
Rb6 Rh5 60. Rd6 Kc3 61. Rc6+ Kb3 62. Rd6 Kxa3 63. Rxd4 b4 64. Rd6 b3 65. Ra6+
Kb2 66. Kd2 Rh2+ 67. Kd3 h5 68. Ke3 Kb1 69. Kf3 b2 70. Kg3 Rc2 71. Kh4 Kc1 72.
Rb6 b1=Q 73. Rxb1+ Kxb1 74. Kxh5 Rg2 75. Kh4 Kc2 76. Kh3 Rg8 77. Kh4 Kd3 78.
Kh5 Ke4 79. Kh6 Kf5 80. Kh7 Rg6 81. Kh8 Kf6 82. Kh7 Kf7 83. Kh8 Rh6# 0-1

[Event "Unna Open 2023"]
[Site "Unna"]
[Date "2023.12.29"]
[Round "5.34"]
[White "Kasnatschenko, Ilayda"]
[Black "Alnajmi, Mustafa"]
[Result "0-1"]
[WhiteElo "1242"]
[BlackElo "1608"]
[PlyCount "62"]
[EventDate "2023.12.??"]
[EventType "swiss"]
[EventRounds "7"]
[EventCountry "GER"]
[Tiebreak "Progressive score"]
[SourceVersionDate "2023.12.27"]

1. d4 c6 2. c4 d5 3. Nf3 Nf6 4. Nc3 dxc4 5. e4 b5 6. Bg5 g6 7. a3 Bg7 8. Be2
O-O 9. O-O Qc7 10. Qc2 Nbd7 11. Rfe1 e5 12. Rad1 exd4 13. Nxd4 Nc5 14. h3 Re8
15. Bf3 Nfd7 16. Be3 Ne5 17. Rf1 Nxf3+ 18. Nxf3 Nd3 19. Ne1 Nxe1 20. Rfxe1 Bb7
21. Ne2 c5 22. Bf4 Be5 23. Bxe5 Qxe5 24. Ng3 Rad8 25. Rxd8 Rxd8 26. b3 c3 27.
Rc1 b4 28. a4 Rd2 29. Qb1 Qd4 30. Rf1 c2 31. Qa1 c1=Q 0-1

[Event "Unna Open 2023"]
[Site "Unna"]
[Date "2023.12.29"]
[Round "5.35"]
[White "Siebert, Michael"]
[Black "Winter, Magnus"]
[Result "0-1"]
[WhiteElo "1473"]
[BlackElo "1780"]
[PlyCount "100"]
[EventDate "2023.12.??"]
[EventType "swiss"]
[EventRounds "7"]
[EventCountry "GER"]
[Tiebreak "Progressive score"]
[SourceVersionDate "2023.12.27"]

1. c4 e5 2. g3 c6 3. d4 e4 4. d5 cxd5 5. cxd5 Nf6 6. Nc3 Bb4 7. a3 Bxc3+ 8.
bxc3 Qa5 9. Qd4 Qxd5 10. Qxd5 Nxd5 11. c4 Nf6 12. Bb2 d6 13. Rd1 Ke7 14. Nh3
Be6 15. e3 Nbd7 16. Nf4 Bg4 17. Be2 Bxe2 18. Kxe2 Rac8 19. Bxf6+ gxf6 20. Rd4
f5 21. f3 exf3+ 22. Kxf3 Ne5+ 23. Ke2 Rxc4 24. Rxc4 Nxc4 25. Rb1 b6 26. Rb5 Ne5
27. Nd3 Nxd3 28. Kxd3 Ke6 29. Rb4 Rc8 30. Rh4 Rc1 31. e4 fxe4+ 32. Rxe4+ Kd7
33. Rh4 Ra1 34. a4 Ke6 35. Re4+ Kd7 36. Kc3 d5 37. Rh4 Ke6 38. Kb2 Re1 39. Rxh7
Re4 40. Kb3 a5 41. Rh6+ f6 42. Rh4 Rxh4 43. gxh4 f5 44. Kc3 f4 45. Kd4 Kf6 46.
h5 Kg5 47. Kd3 Kxh5 48. Ke2 d4 49. Kf3 d3 50. Kf2 Kg4 0-1

[Event "Unna Open 2023"]
[Site "Unna"]
[Date "2023.12.29"]
[Round "5.36"]
[White "Dolheimer, Peter"]
[Black "Reinacher, Detlev"]
[Result "0-1"]
[WhiteElo "1253"]
[BlackElo "1625"]
[PlyCount "88"]
[EventDate "2023.12.??"]
[EventType "swiss"]
[EventRounds "7"]
[EventCountry "GER"]
[Tiebreak "Progressive score"]
[SourceVersionDate "2023.12.27"]

1. d4 d6 2. Bf4 g6 3. e3 Bg7 4. Nf3 Nf6 5. Be2 O-O 6. Nbd2 c6 7. c3 Nbd7 8. Qc2
Qc7 9. h3 b6 10. Ne4 Nxe4 11. Qxe4 Nf6 12. Qc2 Bb7 13. Rc1 Rac8 14. O-O c5 15.
Qd1 Rfd8 16. Nh2 e5 17. Bg5 h6 18. Bxf6 Bxf6 19. Ng4 Bg7 20. Bf3 e4 21. Be2 f5
22. Nh2 c4 23. f3 Re8 24. Qc2 exf3 25. Bxf3 Rxe3 26. Bxb7 Qxb7 27. Rce1 Rce8
28. Qd2 Rxe1 29. Rxe1 Rxe1+ 30. Qxe1 Qf7 31. Nf3 b5 32. Qg3 f4 33. Qg4 Kh7 34.
Qc8 Qd5 35. Qd7 a5 36. Qd8 b4 37. Qh4 g5 38. Qf2 Qe4 39. Nd2 Qd3 40. Qe1 d5 41.
Nf3 a4 42. Qd2 Qxd2 43. Nxd2 a3 44. b3 bxc3 0-1

[Event "Unna Open 2023"]
[Site "Unna"]
[Date "2023.12.29"]
[Round "5.37"]
[White "Konrad, Alechander"]
[Black "Willems, Marcus"]
[Result "0-1"]
[WhiteElo "1625"]
[BlackElo "1414"]
[Annotator "Medger,Gernot"]
[PlyCount "72"]
[EventDate "2023.12.??"]
[EventType "swiss"]
[EventRounds "7"]
[EventCountry "GER"]
[Tiebreak "Progressive score"]
[SourceVersionDate "2023.12.27"]

1. Nf3 c5 2. c4 g6 3. g3 Bg7 4. Bg2 Nc6 5. O-O e6 6. e3 Nge7 7. d4 cxd4 8. exd4
d5 9. c5 O-O 10. Nc3 Nf5 11. Ne2 b6 12. g4 Nh4 13. Rb1 Nxf3+ 14. Bxf3 Qf6 15.
Kg2 Nxd4 16. Nxd4 Qxd4 17. Be3 Qxd1 18. Rfxd1 bxc5 19. Bxc5 Rd8 20. b4 Bf8 21.
Bd4 Rb8 22. b5 Rd7 23. Be2 Bd6 24. a4 e5 25. Be3 d4 26. Bh6 Bc7 27. h4 e4 28.
Bc4 Bb7 29. Kf1 Bb6 30. Bd2 e3 31. Bxe3 Rc8 32. Be2 $11 Be4 33. Rbc1 Rxc1 34.
Bxc1 d3 35. Ke1 Ba5+ 36. Bd2 dxe2 0-1

[Event "Unna Open 2023"]
[Site "Unna"]
[Date "2023.12.29"]
[Round "5.39"]
[White "Ilic, Mihajlo"]
[Black "Dimitriadis, Elias"]
[Result "1/2-1/2"]
[WhiteElo "1010"]
[BlackElo "1540"]
[Annotator "Medger,Gernot"]
[PlyCount "58"]
[EventDate "2023.12.??"]
[EventType "swiss"]
[EventRounds "7"]
[EventCountry "GER"]
[Tiebreak "Progressive score"]
[SourceVersionDate "2023.12.27"]

1. e4 c6 2. d4 d5 3. exd5 cxd5 4. Bd3 Nc6 5. c3 e6 6. Bf4 Bd6 7. Bxd6 Qxd6 8.
Nf3 Nge7 9. O-O O-O 10. Nbd2 Re8 11. c4 dxc4 12. Nxc4 Qc7 13. Re1 Nd5 14. Be4
Ncb4 15. Nfd2 Bd7 16. Ne5 Rac8 17. a3 Nc6 18. Rc1 f6 19. Nxc6 Bxc6 20. Nb3 Qb6
21. h3 $11 Ba4 22. Rxc8 Rxc8 23. Bxd5 exd5 24. Re3 Rc4 25. Qd3 Bxb3 26. Qxb3
Qxd4 27. Qxb7 Rc1+ 28. Kh2 Qf4+ 29. Rg3 Rc7 $11 1/2-1/2

[Event "Unna Open 2023"]
[Site "Unna"]
[Date "2023.12.29"]
[Round "5.42"]
[White "Schweda, Albert"]
[Black "Weiner, Timon Liam"]
[Result "1/2-1/2"]
[WhiteElo "1479"]
[BlackElo "1270"]
[PlyCount "39"]
[EventDate "2023.12.??"]
[EventType "swiss"]
[EventRounds "7"]
[EventCountry "GER"]
[Tiebreak "Progressive score"]
[SourceVersionDate "2023.12.27"]

1. e4 c5 2. Nf3 e6 3. Nc3 Nc6 4. Bb5 Nd4 5. Bc4 a6 6. Nxd4 cxd4 7. Ne2 b5 8.
Bb3 Bb7 9. d3 Bb4+ 10. Bd2 Bxd2+ 11. Qxd2 e5 12. f4 d6 13. c4 dxc3 14. Nxc3 Nf6
15. h3 Nh5 16. fxe5 Qh4+ 17. Qf2 Nf4 18. Qxh4 Nxg2+ 19. Kf2 Nxh4 20. exd6
1/2-1/2

[Event "Unna Open 2023"]
[Site "Unna"]
[Date "2023.12.29"]
[Round "5.44"]
[White "Lohkämper, Thomas"]
[Black "Mallek, Peter"]
[Result "1-0"]
[WhiteElo "1550"]
[BlackElo "1190"]
[PlyCount "95"]
[EventDate "2023.12.??"]
[EventType "swiss"]
[EventRounds "7"]
[EventCountry "GER"]
[Tiebreak "Progressive score"]
[SourceVersionDate "2023.12.27"]

1. e4 e5 2. Nf3 Nc6 3. Bb5 d6 4. d4 Bd7 5. d5 Na5 6. Qe2 c6 7. dxc6 bxc6 8. Bd3
Nf6 9. O-O Be7 10. b4 Nb7 11. Ba6 Qc7 12. Bd2 O-O 13. a4 Bc8 14. c4 Nd8 15.
Bxc8 Rxc8 16. Bc3 Nb7 17. Nh4 a6 18. Nf5 c5 19. b5 axb5 20. axb5 Ra8 21. Nd2
Rxa1 22. Rxa1 Rb8 23. Qd1 Bf8 24. Ra7 Qc8 25. Qa4 Ne8 26. Nf1 Nc7 27. N1e3 Ra8
28. b6 Rxa7 29. Qxa7 Qa8 30. bxc7 Qxa7 31. c8=Q g6 32. Ne7+ Kg7 33. N7d5 Na5
34. Qc7 Qxc7 35. Nxc7 Nc6 36. f4 Nd4 37. Kf2 f6 38. f5 Kf7 39. Ncd5 gxf5 40.
Nxf5 Nxf5 41. exf5 Bh6 42. Ba5 Bf8 43. Bd8 Bg7 44. Be7 h6 45. Bxd6 Bf8 46. Bxf8
Kxf8 47. Nxf6 Kf7 48. Ne4 1-0